000 01349nam a2200253Ia 4500
001 19364
003 GE_BSU
008 181216s||||||||xx |||||||||||||| ||und||
040 _cGE_BSU
080 _a622.333(479.22)
100 _aჭანიშვილი, ვლ.
245 _aქვანახშირის მოპოვების ტექნიკისა და ტექნოლოგიის განვითარების ძირითადი ეტაპები საქართველოში
245 _b(ტყიბულის საბადო)
245 _cრედ:კ.კუჭუხიძე
250 _aგ. წულუკიძის სახ. სამთო მექანიკის ინ-ტი.
260 _aთბილისი
260 _bმეცნიერება
260 _c1980
300 _a227გვ;ილ;21სმ.
653 _aინჟინერია
653 _aქვანახშირის მოპოვება საქართველოში
653 _aქვანახშირის მოპოვების ტექნიკისა და ტექნოლოგიის განვითარების ძირითადი ეტაპები საქართველოში
942 _cBK
999 _c52346
_d52346